000 00842nam a2200265Ia 4500
001 26709
003 89621
005 20251029075733.0
008 ||||||n9999 ||| || ||
041 _aspa
100 _aAcuña Amaya, Yury
_936856
245 0 _aPrograma de asistencia tecno-administrativa para el municipio de San Alberto, Cesar
260 _aBogotá :
_bEscuela Superior de Administración Pública - ESAP,
_c1993.
300 _a228 p. y anexos
500 _aTESIS
562 _e1
650 0 _aGESTIÓN ADMINISTRATIVA DE PERSONAL
_911866
650 _aMANUAL DE FUNCIONES
_95276
650 0 _aMunicipios
_9264
650 0 _aReforma administrativa
_9252
650 _aSAN ALBERTO, CESAR (COLOMBIA)
_936859
650 _aSERVICIOS PÚBLICOS
_936860
650 0 _aTesis y disertaciones académicas
_93
942 _cTESIS
999 _c26709
_d26709